AKS-74U "Krinkov" na srbský způsob Zastava Arms M92

Bibliographic Details
Main Author: Kučera, Pavel (Author)
Format: Article
Language:Czech
PhysicalDescription:Fotografie
ISSN:1212-5210
Subjects:

MARC

LEADER 00000nab a2200000 4500
001 vtls011744253
003 SK-MaSNL
005 20260303082348.0
008 180301 2018 xo 000 0 cze
015 |a SNBRB2018/03  |2 LMAOSK 
040 |a LMAOSK  |b slo  |c LMAOSK  |e rda 
041 0 |a cze 
044 |a xo  |c SK 
072 7 |a 623  |x Vojenská technika  |2 konspekt 
080 |a 623.441/.443  |2 2011 
080 |a 623.442  |2 2011 
080 |a (046)  |2 2011 
100 1 |a Kučera, Pavel  |4 aut  |9 282250 
245 1 0 |a AKS-74U "Krinkov" na srbský způsob  |b Zastava Arms M92  |c Pavel Kučera ; foto RVV 
300 |b Fotografie 
336 |a text  |b txt  |2 rdacontent 
337 |a bez média  |b n  |2 rdamedia 
338 |a zväzok  |b nc  |2 rdacarrier 
500 |a Obsahuje charakteristiku a technické údaje. 
650 0 7 |a Zastava Arms M92 (útočná puška)  |2 LMAOSK  |9 1087146 
650 0 7 |a strelné zbrane  |2 SNKPH  |9 68540 
650 0 7 |a pušky  |2 SNKPH  |9 13773 
650 0 7 |a útočné pušky  |2 LMAOSK  |9 866336 
655 7 |a články  |2 SNKPH  |9 70601 
773 0 |t Zbraně & náboje  |g Roč. XIX, č. 3 (2018), s. 10-15  |x 1212-5210 
852 |a LMAOSK  |b KIS3GCP 
958 |a NB 
999 |c 1787675  |d 1789605